Personaggi di fantasia - S - - Statistics

Statistiche generali
  • Questo quiz è stato fatto 2.843 volte
  • Il punteggio medio è 11 su 20
Statistiche sulle risposte
con Immagini Risposta % Corretto
Shrek
97%
Simba
96%
SpongeBob
96%
Sherlock Holmes
94%
Scooby Doo
93%
Sonic
91%
Snoopy
90%
Severus Piton
80%
Stewie Griffin
55%
Samwise Gamgee
53%
Spock
45%
Salvo Montalbano
44%
Sandy Olsson
38%
Sancho Panza
27%
Sarah Connor
23%
Sbirulino
22%
Sisifo
22%
Sweeney Todd
22%
Samantha Jones
21%
Stanley Marsh
13%
Nessun quiz corrispondente trovato
Distribuzione punteggi
Percentuale di utenti per punteggio
Percentile per numero di risposta
I tuoi punteggi nel tempo
Non hai fatto questo quiz